书目信息 |
| 题名: |
中华上下五千年
|
|
| 作者: | 冯慧娟 编 | |
| 分册: | 夏商周 | |
| 出版信息: | 长春 吉林出版集团有限责任公司 2019 |
|
| 页数: | 157页 | |
| 开本: | 22cm | |
| 丛书名: | 全民阅读·经典小丛书 | |
| 单 册: | ||
| 中图分类: | K209 , K221.09 | |
| 科图分类: | ||
| 主题词: | 中国历史--zhong guo li shi--通俗读物 , 三代时期--san dai shi qi--历史--通俗读物 | |
| 电子资源: | ||
| ISBN: | 978-7-5534-7559-2 | |
| 000 | 01008nam 2200289 45 | |
| 001 | 012001012179 | |
| 005 | 20140103190252.0 | |
| 010 | @a978-7-5534-7559-2@dCNY32.00 | |
| 099 | @aCAL 012016070318 | |
| 100 | @a20160310d2015 em y0chiy50 ea | |
| 101 | 0 | @achi |
| 102 | @aCN@b220000 | |
| 105 | @aa z 000yy | |
| 106 | @ar | |
| 200 | 1 | @a中华上下五千年@Azhong hua shang xia wu qian@i夏商周@f冯慧娟编 |
| 210 | @a长春@c吉林出版集团有限责任公司@d2019 | |
| 215 | @a157页@c图@d22cm | |
| 225 | 2 | @a全民阅读·经典小丛书@Aquan min yue du · jing dian xiao cong shu |
| 330 | @a本书选取夏商周时期的重要人物和重要事件,包括盘古开天辟地、炎帝传说、大禹治水、夏桀亡国、商汤革命、商纣王荒淫亡国等。 | |
| 410 | 0 | @12001 @a全民阅读·经典小丛书 |
| 606 | 0 | @a中国历史@Azhong guo li shi@j通俗读物 |
| 606 | 0 | @a三代时期@Asan dai shi qi@x历史@j通俗读物 |
| 690 | @aK209@v5 | |
| 690 | @aK221.09@v5 | |
| 701 | 0 | @a冯慧娟@Afeng hui juan@4编 |
| 801 | 2 | @aCN@b上海新华@c20191020 |
| 905 | @b1139571-4@dK209@e148@f4 | |
| 中华上下五千年.夏商周/冯慧娟编.-长春:吉林出版集团有限责任公司,2019 |
| 157页:图;22cm.-(全民阅读·经典小丛书) |
| ISBN 978-7-5534-7559-2:CNY32.00 |
| 本书选取夏商周时期的重要人物和重要事件,包括盘古开天辟地、炎帝传说、大禹治水、夏桀亡国、商汤革命、商纣王荒淫亡国等。 |
| ● |
| 相关链接 |
|
|
|
|
正题名:中华上下五千年
索取号:K209/148
 
预约/预借
| 序号 | 登录号 | 条形码 | 馆藏地/架位号 | 状态 | 备注 |
| 1 | 1139571 | 211395710 | 第二样本阅览室/ [索取号:K209/148] | 在馆 | |
| 2 | 1139572 | 211395729 | 第二借阅区/ [索取号:K209/148] | 在馆 | |
| 3 | 1139573 | 211395738 | 第二借阅区/ [索取号:K209/148] | 在馆 | |
| 4 | 1139574 | 211395747 | 第二借阅区/ [索取号:K209/148] | 在馆 |